| 000 | 00776nam a22002537a 4500 | ||
|---|---|---|---|
| 005 | 20170124105938.0 | ||
| 010 | _aA-977797 | ||
| 020 |
_c90.00 _a8170144833 |
||
| 035 | _aA-977797 | ||
| 037 | _bCen Lib/Ret | ||
| 040 |
_aDPL _bEN |
||
| 082 |
_a339 _bDHI _21981 |
||
| 100 |
_aDhingra, I.C. _910612 |
||
| 245 |
_aMacro economics : _cby I.C. Dhingra, V.K.Garg [and] P.L. Matto _banalysis and policy / |
||
| 250 | _a11th ed (revised) | ||
| 260 |
_aDelhi _bSultan Chand & Sons _c1981 |
||
| 270 |
_a23 Daryaganj _bNew Delhi _e110002 |
||
| 300 |
_avarious pagings : _c21cm(Hb) _bill. |
||
| 650 |
_aEconomics _910613 |
||
| 650 |
_aMacro Economics _910614 |
||
| 700 |
_aGarg, V.K. _96483 |
||
| 700 |
_aMattoo, P.L. _910559 |
||
| 942 |
_2ddc _cEN _h339 _mDHI |
||
| 999 |
_c124378 _d124378 |
||